000 00691cam a22002413a 4500
001 13879
003 PGUSA
005 20140828083310.0
008 041027s2004||||xxu|||||s|||||000 | eng d
040 _aPGUSA
_beng
042 _adc
050 4 _aPT
100 1 _aEwald, Johannes,
_d1743-1781
245 1 4 _aThe Death of Balder
_h[electronic resource] /
_cJohannes Ewald
260 _bProject Gutenberg,
_c2004
506 _aPublic domain in the USA.
516 _aElectronic text
653 _aDanish drama -- Translations into English
700 1 _aBorrow, George,
_d1803-1881
830 0 _aProject Gutenberg
_v13879
856 4 0 _uhttp://www.gutenberg.org/ebooks/13879
942 _cEB
999 _c243134
_d243134